| 000 | 00423cam a2200169ua 4500 | ||
|---|---|---|---|
| 003 | OSt | ||
| 005 | 20260420141503.0 | ||
| 008 | 260420b |||||||| |||| 00| 0 eng d | ||
| 041 | _aeng | ||
| 082 |
_a660 _bLEI/CH |
||
| 100 |
_aLeighou, Robert B. _97946 |
||
| 245 | _aChemistry of engineering materials / | ||
| 250 | _a4 / | ||
| 260 |
_aNew York : _bMc Graw Hill Book Company , _c1953. |
||
| 300 | _a645 ; . | ||
| 942 | _cBK | ||
| 999 |
_c1366 _d1366 |
||